000 00580nam a22001937a 4500
005 20230127065458.0
008 230127b |||||||| |||| 00| 0 eng d
020 _a978-971-23-5912-5
082 _aFil. 302.3 M491 2011
100 _aMedina, Roberto G.
_eauthor
245 _aHuman behavior in organization /
_cDr. Roberto G. Medina
250 _a1st ed.
260 _aManila:
_bRex Book Store
_cc2011
300 _ax, 281p.:
_bill.
504 _aIncludes index
541 _e3213 c.1, 3596 c.2, 3597 c.3, 4968 c.4
650 _aOrganizational behavior
650 _aHuman behavior
999 _c709
_d709